00760 2200277 4500001002100000005001500021035002000036007000300056008004100059020002200100082000800122084001400130100002800144245006100172250001300233260003300246300003700279650000900316650001100325650001700336264003300353336002100386337003000407338002300437990002200460INLIS00000000000434920260527010847 a0010-1121000116ta260527 0  a978-979-092-393-5 a700 a700 SRI s0 aSri Murtono,ePengarang1 aSeni Budaya dan Keterampilan Kelas IV SD /cSri Murtono, a--Cet--1 a--Jakarta :bErlangga,c2006 avii, 127 hlm. :bIlus ;c27,5 cm 4aSeni 4aBudaya 4aKeterampilan a--Bogor :bYudhistira,c2011 2rdacontentaTeks 2rdamediaaTanpa Perantara 2rdacarrieraVolume a35.063/S/DPK/2021